Statistieken voor De 21 Bekendste Hoofdsteden van de Wereld

Klik hier om de quiz te nemen!

Algemene statistieken

  • Deze quiz is 3.082 keer genomen
  • De gemiddelde score is 15 van 21

Antwoordstatistieken

%Hoofdstad% Correct
94%Amsterdam
96%
94%Parijs
96%
94%Berlijn
92%
91%Madrid
91%
97%Brussel
90%
90%Londen
89%
93%Rome
89%
87%Moskou
86%
86%Lissabon
77%
87%Oslo
77%
81%Stockholm
73%
83%Wenen
68%
83%Helsinki
67%
89%Athene
65%
87%Dublin
64%
88%Kopenhagen
64%
81%Warschau
60%
81%Praag
59%
89%Luxemburg
52%
83%Vaticaanstad
35%
82%Monaco
33%

Scoreverdeling

Percentiel versus Aantal Correcte Antwoorden

Procent van Mensen met Elke Score

Uw Scoregeschiedenis

U heeft deze quiz nog niet genomen